00518nam a22001817a 450000500170000001000120001702000270002903700250005608200080008110000250008924500610011426000380017527000560021330000200026949000060028994200220029599900190031720260227152342.0 aBACEN26 a9788198220608c1500.00 bEss Ess Publications a000 aAvneesh Kumar987714 aUniverse of knoweedge in library and information science aDelhibEss Ess publicationsc2025 a4831/24, Ansari Road, Darya GanjbNew Delhie110002 a347p.c25cm(hb) v1 2ddccENh000mAVN c215141d215141